FC 25 Black Friday: Thunderstruck - Statistics

General Stats
  • This quiz has been taken 15 times
  • The average score is 30 of 56
Answer Stats
rat pos club player % Correct
Thunderstruck 92 CM Manchester City Kevin De Bruyne
100%
Thunderstruck 93 ST Real Madrid Kylian Mbappé
92%
Thunderstruck 89 RW Arsenal Bukayo Saka
83%
Thunderstruck 91 LM Manchester United Marcus Rashford
83%
Thunderstruck 91 RW Manchester City Phil Foden
83%
Thunderstruck 90 ST Sporting CP Viktor Gyökeres
83%
Thunderstruck 90 CM Real Madrid Federico Valverde
75%
Thunderstruck 88 RB FC Barcelona Jules Koundé
75%
Thunderstruck 89 CB Arsenal William Saliba
75%
Thunderstruck Icon 95 CAM France Zinedine Zidane
75%
Thunderstruck 90 LM Chelsea Women Guro Reiten
67%
Thunderstruck Icon 90 RW Brazil Jairzinho
67%
Thunderstruck 89 CM Inter Milan Nicolò Barella
67%
Thunderstruck Icon 91 ST Spain Raúl
67%
Thunderstruck 89 LB PSG Féminine Sakina Karchaoui
67%
Thunderstruck Icon 90 ST England Wayne Rooney
67%
Thunderstruck 88 ST Newcastle Alexander Isak
58%
Thunderstruck Icon 87 LB England Ashley Cole
58%
Thunderstruck Icon 89 CB Spain Fernando Hierro
58%
Thunderstruck Icon 87 CDM Italy Gennaro Gattuso
58%
Thunderstruck Icon 88 ST Wales Ian Rush
58%
Thunderstruck Icon 88 LW England John Barnes
58%
Thunderstruck Icon 89 CAM Argentina Juan Román Riquelme
58%
Thunderstruck Icon 89 RB France Lilian Thuram
58%
Thunderstruck Icon 91 CM Germany Lothar Matthäus
58%
Thunderstruck Icon 89 CB France Marcel Desailly
58%
Thunderstruck 88 RM Bayern Munich Michael Olise
58%
Thunderstruck Icon 87 CM Ireland Roy Keane
58%
Thunderstruck 87 GK Athletic Bilbao Unai Simón
58%
Thunderstruck Icon 92 CAM Brazil Zico
58%
Thunderstruck 87 CB Man City Women Alex Greenwood
50%
Thunderstruck 86 CAM Atalanta Charles De Ketelaere
50%
Thunderstruck 89 ST Barça Femení Ewa Pajor
50%
Thunderstruck Icon 89 CM France Patrick Vieira
50%
Thunderstruck 87 ST Paris Saint-Germain Randal Kolo Muani
50%
Thunderstruck Icon 92 CAM Netherlands Ruud Gullit
50%
Thunderstruck 86 CM Atlético Madrid Conor Gallagher
42%
Thunderstruck 85 RB Fiorentina Dodô
42%
Thunderstruck 85 ST Frankfurt Hugo Ekitike
42%
Thunderstruck Icon 90 ST England Kelly Smith
42%
Thunderstruck 86 CB Bayern Munich Kim Min-Jae
42%
Thunderstruck 87 CDM Bayer Leverkusen Robert Andrich
42%
Thunderstruck 86 CAM Montpellier Teji Savanier
42%
Thunderstruck 87 CM AC Milan Tijjani Reijnders
42%
Thunderstruck 86 CM Real Sociedad Brais Méndez
33%
Thunderstruck 85 RM Lille OSC Edon Zhegrova
33%
Thunderstruck 87 RM Wolfsburg Frauen Svenja Huth
33%
Thunderstruck 86 CB Napoli Alessandro Buongiorno
25%
Thunderstruck 86 LM VfB Stuttgart Chris Führich
25%
Thunderstruck 85 ST Bournemouth Evanilson
25%
Thunderstruck 85 RB Borussia Dortmund Julian Ryerson
25%
Thunderstruck 86 CB Sevilla Nemanja Gudelj
25%
Thunderstruck 86 RM Bologna Riccardo Orsolini
25%
Thunderstruck 87 LM Lyon Wilfried Zaha
25%
Thunderstruck 85 CAM RB Leipzig Christopher Baumgartner
17%
Thunderstruck 85 CB Real Betis Marc Batra
8%
No matching quizzes found
Score Distribution
Percent of People with Each Score
Percentile by Number Answered
Your Score History
You have not taken this quiz